LEADER 00983nam a2200289 i 4500 001 991001426799707536 005 20020507193239.0 008 970428s1970 de ||| | fre 035 $ab10845963-39ule_inst 035 $aLE01312111$9ExL 040 $aDip.to Matematica$beng 082 0 $a515.98 084 $aAMS 32A45 084 $aAMS 32C35 084 $aAMS 46F15 100 1 $aSchapira, Pierre$045875 245 10$aThéorie des hyperfonctions /$cPierre Schapira 260 $aBerlin ; New York :$bSpringer-Verlag,$c1970 300 $axi, 157 p. ;$c24 cm 490 0 $aLecture notes in mathematics,$x0075-8434 ;$v126 650 0$aHyperfunctions 907 $a.b10845963$b23-02-17$c28-06-02 912 $a991001426799707536 945 $aLE013 46F SCH21 (1970)$g1$i2013000080819$lle013$o-$pE0.00$q-$rl$s- $t0$u0$v0$w0$x0$y.i10956566$z28-06-02 996 $aThéorie des hyperfonctions$981200 997 $aUNISALENTO 998 $ale013$b01-01-97$cm$da $e-$ffre$gde $h0$i1 LEADER 01366nam 2200433 450 001 9910829997203321 010 $a1-119-21651-6 010 $a1-119-21634-6 035 $a(CKB)4330000000009347 035 $a(MiAaPQ)EBC5092729 035 $a(PPN)23414632X 035 $a(EXLCZ)994330000000009347 100 $a20171107h20172017 uy 0 101 0 $aeng 135 $aurcnu|||||||| 181 $2rdacontent 182 $2rdamedia 183 $2rdacarrier 200 00$aDawn-dusk asymmetries in planetary plasma environments /$fStein Haaland, Andrei Runov, Colin Forsyth, editors 210 1$aHoboken, New Jersey :$cAGU :$cWiley,$d2017. 210 4$d©2017 215 $a1 online resource (379 pages) $cillustrations (some color), graphs 225 1 $aGeophysical Monograph Series ;$v230 311 $a1-119-21632-X 320 $aIncludes bibliographical references at the end of each chapters and index. 410 0$aGeophysical monograph series ;$v230. 606 $aMagnetosphere 615 0$aMagnetosphere. 676 $a538.766 702 $aHaaland$b Stein 702 $aRunov$b Andrei 702 $aForsyth$b Colin 801 0$bMiAaPQ 801 1$bMiAaPQ 801 2$bMiAaPQ 906 $aBOOK 912 $a9910829997203321 996 $aDawn-dusk asymmetries in planetary plasma environments$94078890 997 $aUNINA